000
00317nam a22001457a 4500
008
210309b ||||| |||| 00| 0 eng d
020
_a
9780205671793
041
_a
eng
080
_2
6th
_a
159.9
082
_2
159.9
100
_a
48
101
_a
PSI
245
_a
Psychology
_c
Theodore W.Whitley
942
_2
udc
_c
BK
999
_c
56086
_d
56086